World Of Warcraft Classes 2023 - Statistics

General Stats
  • This quiz has been taken 18 times
  • The average score is 12 of 13
Answer Stats
Class % Correct
Death Knight
100%
Mage
100%
Paladin
100%
Priest
100%
Shaman
100%
Demon Hunter
92%
Hunter
92%
Monk
92%
Rogue
92%
Warlock
92%
Warrior
92%
Druid
85%
Evoker
77%
No matching quizzes found
Score Distribution
Percent of People with Each Score
Percentile by Number Answered
Your Score History
You have not taken this quiz